A sense of Asia.

Bibliographic Details
Main Author: Sanders, Sol
Format: Book
Language:English
Published: New York : Scribner, [1969]
Subjects:

MARC

Tag First Indicator Second Indicator Subfields
LEADER 00000cam a2200000 4500
001 in00000307341
005 20151010143753.0
008 690408s1969 nyua b 00100 eng
010 |a  68057078  
035 |a (OCoLC)00002724 
035 |9 ABH5765AM 
037 |c 7.95 
040 |a DLC  |c DLC  |d TXA  |d UtOrBLW 
049 |a TXAM  |c [637140] 
050 0 0 |a DS5  |b .S25 
082 0 |a 327.5/073 
100 1 |a Sanders, Sol. 
245 1 2 |a A sense of Asia. 
264 1 |a New York :  |b Scribner,  |c [1969] 
300 |a x, 339 pages :  |b illustrations ;  |c 24 cm. 
336 |a text  |b txt  |2 rdacontent 
337 |a unmediated  |b n  |2 rdamedia 
338 |a volume  |b nc  |2 rdacarrier 
504 |a Bibliography: pages [321]-330. 
651 0 |a Asia. 
651 0 |a United States  |x Foreign relations  |z Asia. 
651 0 |a Asia  |x Foreign relations  |z United States. 
999 |a MARS 
999 f f |s a0fa2c6f-630c-3efd-94e1-55b2405888e7  |i 7afd7a87-35e5-319b-9c7e-a327bb36bb2b  |t 0 
952 f f |p ric  |a Texas A&M University  |b Rellis Campus  |c Joint Library Facility  |d Remote Storage  |t 0  |e DS5 .S25  |h Library of Congress classification  |i unmediated -- volume  |m A14802021677 
998 f f |a DS5 .S25  |t 0  |l Remote Storage